Tratado de Aduanas e Impuestos Especiales

Bibliographic Details
Main Author: Berch ̌Moreno, Eduardo
Format: eBook
Language:Spanish
Published: Barcelona : J.M. Bosch Editor, 2013
Subjects:
Online Access:http://www.vlex.com/source/11235

MARC

LEADER 00000nam a22000007a 4500
005 20130610165902.0
007 cr|||| ||||
008 130610e2013 sp |||||s|||| 00||0 spa d
020 |a 978-84-940933-8-8 
035 |a 11235 
040 |a vLex 
090 |c 4295  |d 4295 
100 1 0 |a Berch ̌Moreno, Eduardo 
245 1 0 |a Tratado de Aduanas e Impuestos Especiales  |c / Eduardo Berch ̌Moreno  |h [Recurso electrn̤ico]  
256 |a Servicio en ln̕ea 
260 |a Barcelona :  |b J.M. Bosch Editor,   |c 2013 
300 |a 1 Recurso electrn̤ico 
506 |d vLex Global  |d vLex Global (Academic Edition, excluding Law Schools)  |d vLex Global (U.S. Academic Edition, Law Schools)  |d vLex Global (U.S. Academic Edition, excluding Law Schools)  |d vLex Global (Academic Edition, Law Schools) 
650 4 |a Derecho tributario  |z Espaą 
650 4 |a Derecho mercantil  |z Espaą 
740 |a vLex Libros (Servicio en ln̕ea) 
856 |a Acceso restringido  |u http://www.vlex.com/source/11235 
942 |c BOOK 
999 0 |a Taxation